Tricky-Clicky Minute: Musical Instruments Quiz Stats

 Plays Quiz Updated Feb 24, 2016

Challenge
Share
Tweet
Embed
Score 0/50 Timer 01:00
1 Play Today
% Correct
saxophone
87.9%
xylophone
87.8%
violin
87.6%
guitar
87.6%
flute
87.4%
trumpet
87.4%
trombone
87.4%
clarinet
87.3%
piano
87.1%
ukulele
86.8%
harmonica
86.7%
tambourine
86.7%
banjo
86.6%
tuba
86.5%
cymbals
86.3%
drum
86%
cello
86%
bagpipe
85.8%
oboe
85.2%
harp
85.1%
accordion
84.6%
piccolo
83.6%
bassoon
83.5%
fiddle
82.4%
triangle
82.4%
% Correct
harpsichord
81.8%
mandolin
81.5%
bass
81.4%
horn
81.3%
viola
81.2%
keyboard
80.7%
organ
80.7%
maracas
80%
recorder
79.6%
bongo
79.1%
kazoo
77.8%
gong
76.6%
glockenspiel
75.1%
sitar
74.9%
lute
74.7%
timpani
73.7%
castanets
72.7%
didgeridoo
71.6%
bell
71.5%
chime
70.1%
clavichord
64.8%
cornet
62.4%
zither
53.1%
baritone
47.9%
theremin
36.6%

You're not logged in!

Compare scores with friends on all Sporcle quizzes.
Join for Free
OR
Log In

You Might Also Like...

Show Comments

Extras

Top Quizzes Today


Score Distribution

Your Account Isn't Verified!

In order to create a playlist on Sporcle, you need to verify the email address you used during registration. Go to your Sporcle Settings to finish the process.

Report this User

Report this user for behavior that violates our Community Guidelines.

Details: